| Tag |
First Indicator |
Second Indicator |
Subfields |
| LEADER |
00000cam a2200000 4500 |
| 001 |
in00002783546 |
| 005 |
20150922151308.0 |
| 008 |
730112s1972 dcua b 001 0 eng |
| 010 |
|
|
|a 72600008
|
| 035 |
|
|
|a (OCoLC)ocm00572526
|
| 035 |
|
|
|a (OCoLC)572526
|
| 040 |
|
|
|a DLC
|c DLC
|d OCL
|d BTCTA
|d OCLCG
|d OCLCA
|d UtOrBLW
|
| 043 |
|
|
|a n-usp--
|
| 049 |
|
|
|a TXAM
|
| 050 |
0 |
0 |
|a QE678
|b .S73
|
| 082 |
0 |
0 |
|a 551.7/6
|
| 086 |
0 |
|
|a I 19.16:691
|
| 100 |
1 |
|
|a Stewart, J. H.,
|d 1928-2013.
|
| 245 |
1 |
0 |
|a Stratigraphy and origin of the Triassic Moenkopi Formation and related strata in the Colorado Plateau region /
|c by J.H. Stewart, F.G. Poole, and R.F. Wilson. With a section on sedimentary petrology, by R.A. Cadigan.
|
| 264 |
|
1 |
|a Washington :
|b U.S. Govt. Print. Off,
|c 1972.
|
| 300 |
|
|
|a v, 195 pages :
|b illustrations (4 color, 5 folded in pocket) ;
|c 29 cm.
|
| 336 |
|
|
|a text
|b txt
|2 rdacontent
|
| 337 |
|
|
|a unmediated
|b n
|2 rdamedia
|
| 338 |
|
|
|a volume
|b nc
|2 rdacarrier
|
| 490 |
1 |
|
|a Geological Survey professional paper ;
|v 691
|
| 500 |
|
|
|a "Prepared on behalf of the U.S. Atomic Energy Commission."
|
| 504 |
|
|
|a Bibliography: pages 81-86.
|
| 650 |
|
0 |
|a Geology, Stratigraphic
|y Triassic.
|
| 650 |
|
0 |
|a Geology
|z Colorado Plateau.
|
| 700 |
1 |
|
|a Poole, F. G.
|q (Forrest Graham),
|d 1929-
|e author.
|
| 700 |
1 |
|
|a Wilson, Richard Fairfield,
|d 1930-2011,
|e author.
|
| 830 |
|
0 |
|a Geological Survey professional paper ;
|v 691.
|
| 948 |
|
|
|a cataloged
|b h
|c 2012/11/27
|d c
|e mvaldespin
|f 02:41:33 pm
|
| 994 |
|
|
|a C0
|b TXA
|
| 999 |
|
|
|a MARS
|
| 999 |
f |
f |
|s eb4cc351-6b00-3435-8151-539d4a331818
|i 9aaae441-ded0-371f-9302-e1e3d935767e
|t 0
|
| 952 |
f |
f |
|p normal
|a Texas A&M University
|b College Station
|c Sterling C. Evans Library
|d Evans: US Documents (Annex 5th floor)
|t 0
|e I 19.16:691
|h Superintendent of Documents classification
|i unmediated -- volume
|m A14839369616
|
| 998 |
f |
f |
|a I 19.16:691
|t 0
|l Evans: US Documents (Annex 5th floor)
|